Vplyv zmien v novelách zákonov o sociálnom a zdravotnom poistení na odvodové zaťaženie zamestnancov a zamestnávateľov

Dohody o prácach vykonávaných mimo pracovného pomeru a ustanovenia zákona č. 595/2003 Z. z. o dani z príjmov. Zmeny platenia poistného na sociálne poistenie podľa zákona č. 461/2003 Z. z. o sociálnom poistení, príspevkov na dôchodkové sporenie podľa zákona č. 43/2004 Z. z. o starobnom dôchodkovom s...

Ausführliche Beschreibung

Gespeichert in:
Bibliographische Detailangaben
1. Verfasser: Bukovová, Sylvia, 1959-
Format: Buchkapitel
Sprache:Slowakisch
Schlagworte:
Tags: Tag hinzufügen
Keine Tags, Fügen Sie das erste Tag hinzu!

MARC

LEADER 00000naa$a2200000$$$4500
001 0173645
005 20240522091639.1
041 0 |a slo 
044 |a SK 
245 1 0 |a Vplyv zmien v novelách zákonov o sociálnom a zdravotnom poistení na odvodové zaťaženie zamestnancov a zamestnávateľov  |c Sylvia Bukovová 
520 |a Dohody o prácach vykonávaných mimo pracovného pomeru a ustanovenia zákona č. 595/2003 Z. z. o dani z príjmov. Zmeny platenia poistného na sociálne poistenie podľa zákona č. 461/2003 Z. z. o sociálnom poistení, príspevkov na dôchodkové sporenie podľa zákona č. 43/2004 Z. z. o starobnom dôchodkovom sporení a preddavkov na poistné a poistného podľa zákona č. 580/2004 o zdravotnom poistení. 
610 2 0 |a poistenie sociálne 
610 2 0 |a poistenie zdravotné 
610 2 0 |a dane z príjmov 
610 2 0 |a odvody 
610 2 0 |a dohody pracovné 
610 2 0 |a novelizácia 
610 2 0 |a zákony 
100 1 |a Bukovová, Sylvia, 1959-